000 006560000a22001810004500
008 081031t xxu||||| |||| 00| 0 eng d
010 _aENG-84717
020 _a8126017988
_c75.00 (pbk)
035 _aEN-68250
082 _a881
100 _aTripathi, Suryakant Nirala
245 _aSelected poems of Nirala /
_cby Suryakant Tripathi Nirala; translated from Hindi by M M Thakur
260 _aNew Delhi
_bSahitya Akademi
_c2006
300 _ax,177p
_c22cm
700 _aThakur, M M
942 _2ddc
_cEN
_h881
_mSEL
999 _c18020
_d18020